2015年のJR東日本ご当地発車メロディ - Statistics

General Stats
  • This quiz has been taken 24 times
  • The average score is 64 of 86
Answer Stats
路線 使用開始日 答え % Correct
武蔵野線 2003年4月11日 新座
87%
横浜線 2014年6月14日 淵野辺
87%
横須賀線 2013年7月1日 鎌倉
87%
奥羽本線 1992年7月1日 山形
83%
常磐線他 2007年3月4日 友部
83%
高崎線 2006年4月1日 深谷
83%
高崎線 2010年8月1日 鴻巣
83%
高崎線 2010年6月1日 北上尾
83%
高崎線 2010年6月1日 上尾
83%
山手線 2003年3月1日 高田馬場
83%
中央本線 2004年8月1日 高円寺
83%
中央本線 2014年7月7日 阿佐ケ谷
83%
中央本線 2010年6月26日 三鷹
83%
中央本線 2006年4月1日 武蔵小金井
83%
東海道本線 2002年6月12日 品川
83%
東海道本線 1997年2月22日 蒲田
83%
東海道本線 2014年10月1日 茅ケ崎
83%
伊東線 2015年3月29日 伊東
83%
京葉線 2004年6月14日 舞浜
83%
京葉線 2005年3月26日 海浜幕張
83%
京葉線他 2007年11月18日 蘇我
83%
成田線 2014年7月1日 成田
83%
青梅線 2006年4月21日 奥多摩
83%
東北新幹線他 2009年4月11日 福島
78%
常磐線 2002年5月24日 磯原
78%
常磐線 2005年11月1日 小木津
78%
常磐線 2005年10月6日 日立
78%
常磐線 2005年11月1日 大甕
78%
両毛線 2015年7月24日 足利
78%
上越線 2010年11月1日 水上
78%
高崎線 2008年4月1日 籠原
78%
高崎線 2008年4月1日 熊谷
78%
高崎線 2010年8月1日 北鴻巣
78%
山手線 2005年3月19日 駒込
78%
武蔵野線 2014年8月9日 南越谷
78%
中央本線 2010年1月23日 豊田
78%
中央本線他 2005年12月25日 八王子
78%
東海道本線 2014年11月1日 小田原
78%
伊東線 2015年3月29日 宇佐美
78%
根岸線 2015年7月25日 桜木町
78%
根岸線 2011年6月2日 関内
78%
内房線他 2004年10月16日 木更津
78%
青梅線 2006年3月31日 西立川
78%
青梅線 2005年3月29日 青梅
78%
南武線 2014年2月26日 武蔵小杉
78%
仙石線 2010年3月26日 宮城野原
74%
仙石線他 2002年2月2日 石巻
74%
常磐線 2009年8月1日 土浦
74%
常磐線 2009年8月1日 荒川沖
74%
北陸新幹線 2015年1月31日 長野
74%
北陸新幹線 2015年3月14日 飯山
74%
北陸新幹線 2015年3月14日 上越妙高
74%
両毛線 2014年4月19日 前橋
74%
高崎線 2013年10月1日 行田
74%
高崎線 2010年8月1日 吹上
74%
東北本線 2003年4月1日 浦和
74%
山手線 2005年6月6日 恵比寿
74%
東海道本線 2013年7月5日 平塚
74%
南武線 2013年1月24日 武蔵中原
74%
奥羽本線他 2007年12月18日 大館
70%
常磐線 2004年10月6日 湯本
70%
常磐線 2013年11月1日 高萩
70%
常磐線 2005年11月1日 常陸多賀
70%
水戸線 2014年4月29日 笠間
70%
常磐線 2009年8月1日 神立
70%
両毛線 2011年6月15日 桐生
70%
上越線 2010年11月1日 後閑
70%
東北本線 2003年4月1日 大宮
70%
東北本線 2003年4月1日 さいたま新都心
70%
東北本線 2003年4月1日 与野
70%
東北本線 2003年4月1日 北浦和
70%
中央本線 2006年7月4日 水道橋
70%
東北本線 2013年7月28日 上野
65%
南武線 2014年11月29日 矢野口
65%
奥羽本線他 2014年8月23日 新庄
61%
奥羽本線他 2012年8月9日 大曲
61%
磐越西線他 2002年10月11日 会津若松
61%
常磐線 2008年3月17日 広野
61%
常磐線 2012年7月24日 岩間
61%
奥羽本線他 2011年10月1日 横手
57%
羽越本線 2014年3月15日 村上
57%
奥羽本線 2004年12月12日 弘前
52%
東北本線 2007年8月1日 北戸田
52%
東北本線 2007年8月1日 戸田
52%
東北本線 2007年8月1日 戸田公園
52%
信越本線他 2003年12月6日 新津
43%
No matching quizzes found
Score Distribution
Percent of People with Each Score
Percentile by Number Answered
Your Score History
You have not taken this quiz